Implications of the resurrection. (Record no. 7595)

000 -LEADER
fixed length control field 00544nam a2200181 a 4500
001 - CONTROL NUMBER
control field :::00005356$&:&@@
003 - CONTROL NUMBER IDENTIFIER
control field OkBaRHE
005 - DATE AND TIME OF LATEST TRANSACTION
control field 20000607103325.0
008 - FIXED-LENGTH DATA ELEMENTS--GENERAL INFORMATION
fixed length control field j 000 0 eng u
040 ## - CATALOGING SOURCE
Transcribing agency
100 1# - MAIN ENTRY--PERSONAL NAME
Personal name Ironside, H. A.
245 10 - TITLE STATEMENT
Title Implications of the resurrection.
260 ## - PUBLICATION, DISTRIBUTION, ETC. (IMPRINT)
Place of publication, distribution, etc New York, NY., :
Name of publisher, distributor, etc Loizeaux Brothers
Date of publication, distribution, etc nd
300 ## - PHYSICAL DESCRIPTION
Extent 11 p. ;
Dimensions 16 cm.
650 ## - SUBJECT ADDED ENTRY--TOPICAL TERM
Topical term or geographic name as entry element Jesus Christ
General subdivision Resurrection
942 ## - ADDED ENTRY ELEMENTS (KOHA)
Source of classification or shelving scheme
Koha item type Books
Copies
Barcode Shelving location Source of classification or shelving scheme Full call number Permanent Location Not for loan Date last seen Copy number Withdrawn status Lost status Damaged status Koha item type Date acquired Price effective from
5356General Stacks BT 481 .I766RHEMA Bible Training College 2010-04-141   Books2010-04-142010-04-14